| 000 | 00915nam a22002417a 4500 | ||
|---|---|---|---|
| 003 | BCEG | ||
| 005 | 20260320133855.0 | ||
| 008 | 260317s1985 mx a||||||||||||||0 spa d | ||
| 040 |
_aBCEG _bspa _cBCEG |
||
| 082 | 0 | 4 |
_aFG725.12 _bG643c |
| 100 | 1 | _aGonzález-Leal, Mariano. | |
| 245 | 1 | 0 | _aCrónica de un palacio guanajuatense. |
| 260 |
_a[Guanajuato, México] : _bGobierno del Estado de Guanajuato, _c1985. |
||
| 300 |
_a105 p. : _bil., fot. |
||
| 500 | _a"Año de la patria 1810-1910" --En portada. | ||
| 504 | _aIncluye bibliografía. | ||
| 506 |
_aPara uso exclusivo en sala de Fondos Especiales; Requiere autorización para reproducción. _eReglamento de la Sala de Fondos Especiales. |
||
| 535 | _aDisponible en Colección Fondo Guanajuato. | ||
| 541 | _aDonación. | ||
| 650 | 1 | 4 |
_aEdificios públicos _zGuanajuato (Guanajuato, México) _xHistoria. |
| 700 | 1 |
_aAndrade, Gonzalo, _ecoord. |
|
| 942 | _cBK | ||
| 999 |
_c437108 _d437108 |
||